Peace as Nonviolence (Record no. 43719)
[ view plain ]
| 001 - CONTROL NUMBER | |
|---|---|
| control field | 0000 |
| 003 - CONTROL NUMBER IDENTIFIER | |
| control field | 0000 |
| 005 - DATE AND TIME OF LATEST TRANSACTION | |
| control field | 20251011180011.0 |
| 020 ## - INTERNATIONAL STANDARD BOOK NUMBER | |
| International Standard Book Number | 9783031529047 |
| 040 ## - CATALOGING SOURCE | |
| Description conventions | rda |
| 050 ## - LIBRARY OF CONGRESS CALL NUMBER | |
| Classification number | JZ 5548 .P43 |
| 100 ## - MAIN ENTRY--PERSONAL NAME | |
| Personal name | Egon Spiegel |
| 245 ## - TITLE STATEMENT | |
| Title | Peace as Nonviolence |
| Remainder of title | Topics in African Peace Studies |
| Statement of responsibility, etc | edited by Egon Spiegel, et.al. |
| 260 ## - PUBLICATION, DISTRIBUTION, ETC. (IMPRINT) | |
| Place of publication, distribution, etc | Switzerland |
| Name of publisher, distributor, etc | Springer |
| Date of publication, distribution, etc | 2024 |
| 264 ## - PUBLICATION, DISTRIBUTION, ETC. (IMPRINT) | |
| Place of publication, distribution, etc | Switzerland |
| Name of publisher, distributor, etc | Springer |
| Date of publication, distribution, etc | 2024 |
| 300 ## - PHYSICAL DESCRIPTION | |
| Extent | xv, 320p. |
| 336 ## - CONTENT TYPE | |
| Source | rdacontent |
| 338 ## - CARRIER TYPE | |
| Source | rdacarrier |
| 490 ## - SERIES STATEMENT | |
| Series statement | Advances in African Economic, Social and Political Development |
| 650 ## - SUBJECT ADDED ENTRY--TOPICAL TERM | |
| Source of heading or term | |
| Topical term or geographic name as entry element | |
| Form subdivision | |
| 942 ## - ADDED ENTRY ELEMENTS (KOHA) | |
| Source of classification or shelving scheme | Library of Congress Classification |
| Koha item type | Books |
| Withdrawn status | Lost status | Source of classification or shelving scheme | Damaged status | Not for loan | Permanent Location | Current Location | Date acquired | Total Checkouts | Full call number | Barcode | Date last seen | Price effective from | Koha item type |
|---|---|---|---|---|---|---|---|---|---|---|---|---|---|
| Library of Congress Classification | NILE UNIVERSITY OF NIGERIA - MAIN LIBRARY | NILE UNIVERSITY OF NIGERIA - MAIN LIBRARY | 10/11/2025 | JZ 5548 .P43 | 0199116 | 10/11/2025 | 10/11/2025 | Books |